[Event "Irena Warakomska Memorial A"]
[Site "Suwalki"]
[Date "2021.07.27"]
[Round "1"]
[White "Derylo, Kamil"]
[Black "Baum, Jonasz"]
[Result "0-1"]
[Board "33"]
[WhiteElo "2062"]
[WhiteCountry "POL"]
[WhiteFideId "21846596"]
[WhiteEloChange "-5"]
[BlackElo "2260"]
[BlackTitle "IM"]
[BlackCountry "POL"]
[BlackFideId "1195360"]
[BlackEloChange "5"]

1. d4 {[%clk 1:30:40]} Nf6 {[%clk 1:30:47]} 2. c4 {[%clk 1:30:54]} e6 {[%clk
1:31:12]} 3. Nc3 {[%clk 1:31:16]} Bb4 {[%clk 1:31:35]} 4. Qc2 {[%clk 1:31:04]} b6
{[%clk 1:31:43]} 5. e4 {[%clk 1:17:57]} c5 {[%clk 1:32:07]} 6. e5 {[%clk
1:05:47]} cxd4 {[%clk 1:32:08]} 7. a3 {[%clk 1:05:18]} Bxc3+ {[%clk 1:32:22]} 8.
bxc3 {[%clk 1:05:35]} Ng8 {[%clk 1:32:49]} 9. Qe4 {[%clk 1:01:10]} Nc6 {[%clk
1:31:25]} 10. cxd4 {[%clk 0:59:38]} Bb7 {[%clk 1:30:33]} 11. Nf3 {[%clk 0:56:23]}
Nge7 {[%clk 1:27:37]} 12. Qg4 {[%clk 0:54:52]} Nf5 {[%clk 1:17:29]} 13. Bd3
{[%clk 0:50:40]} h5 {[%clk 1:11:26]} 14. Qf4 {[%clk 0:49:51]} Nce7 {[%clk
1:10:53]} 15. Nh4 {[%clk 0:38:48]} Nd5 {[%clk 0:53:05]} 16. Nxf5 {[%clk 0:38:56]}
Nxf4 {[%clk 0:53:13]} 17. Nd6+ {[%clk 0:39:16]} Kf8 {[%clk 0:51:46]} 18. Bxf4
{[%clk 0:38:49]} Bxg2 {[%clk 0:48:15]} 19. Rg1 {[%clk 0:39:14]} Qh4 {[%clk
0:44:50]} 20. Be3 {[%clk 0:34:54]} Qxh2 {[%clk 0:37:50]} 21. Kd2 {[%clk 0:34:21]}
Rb8 {[%clk 0:29:56]} 22. Kc3 {[%clk 0:29:56]} h4 {[%clk 0:20:55]} 23. Ne4 {[%clk
0:20:38]} d5 {[%clk 0:13:07]} 24. Ng5 {[%clk 0:19:44]} h3 {[%clk 0:11:22]} 25.
cxd5 {[%clk 0:16:56]} Qxg1 {[%clk 0:09:02]} 26. Rxg1 {[%clk 0:17:24]} h2 {[%clk
0:09:23]} 27. Re1 {[%clk 0:13:47]} Bxd5 {[%clk 0:08:57]} 0-1

[Event "Irena Warakomska Memorial A"]
[Site "Suwalki"]
[Date "2021.07.27"]
[Round "1"]
[White "Chyzy, Jakub"]
[Black "Kozlowski, Michal"]
[Result "1/2-1/2"]
[Board "34"]
[WhiteElo "2257"]
[WhiteTitle "FM"]
[WhiteCountry "POL"]
[WhiteFideId "21806209"]
[WhiteEloChange "-5"]
[BlackElo "2043"]
[BlackCountry "POL"]
[BlackFideId "21838194"]
[BlackEloChange "5"]

1. e4 {[%clk 1:30:59]} c5 {[%clk 1:30:57]} 2. Nc3 {[%clk 1:31:23]} Nc6 {[%clk
1:31:23]} 3. Bb5 {[%clk 1:31:47]} Nd4 {[%clk 1:29:08]} 4. Bc4 {[%clk 1:32:11]} g6
{[%clk 1:29:19]} 5. Nf3 {[%clk 1:32:31]} Bg7 {[%clk 1:29:36]} 6. Nxd4 {[%clk
1:32:51]} cxd4 {[%clk 1:30:02]} 7. Qf3 {[%clk 1:33:16]} e6 {[%clk 1:29:09]} 8.
Nb5 {[%clk 1:33:37]} d6 {[%clk 1:27:47]} 9. Qa3 {[%clk 1:33:58]} Bf8 {[%clk
1:09:50]} 10. Nxd4 {[%clk 1:32:49]} d5 {[%clk 1:09:54]} 11. Bb5+ {[%clk 1:32:23]}
Bd7 {[%clk 1:10:20]} 12. Qd3 {[%clk 1:23:01]} a6 {[%clk 1:00:55]} 13. Bxd7+
{[%clk 1:23:01]} Qxd7 {[%clk 1:01:24]} 14. e5 {[%clk 1:18:38]} Bg7 {[%clk
0:59:52]} 15. Qe2 {[%clk 1:15:16]} Ne7 {[%clk 0:59:26]} 16. O-O {[%clk 1:15:08]}
O-O {[%clk 0:59:50]} 17. d3 {[%clk 1:13:14]} Nc6 {[%clk 0:59:41]} 18. Nxc6 {[%clk
1:13:05]} bxc6 {[%clk 0:56:04]} 19. Bg5 {[%clk 1:04:15]} Qc7 {[%clk 0:55:31]} 20.
d4 {[%clk 1:02:17]} c5 {[%clk 0:55:56]} 21. c3 {[%clk 1:02:37]} c4 {[%clk
0:56:04]} 22. f4 {[%clk 1:01:52]} Rab8 {[%clk 0:54:26]} 23. Rf2 {[%clk 1:01:08]}
Rb6 {[%clk 0:53:48]} 24. Bf6 {[%clk 0:59:12]} Rfb8 {[%clk 0:52:30]} 25. Rb1
{[%clk 0:53:04]} a5 {[%clk 0:50:48]} 26. Bxg7 {[%clk 0:44:00]} Kxg7 {[%clk
0:51:11]} 27. g4 {[%clk 0:44:25]} a4 {[%clk 0:22:28]} 28. a3 {[%clk 0:44:11]} Qd8
{[%clk 0:16:49]} 29. f5 {[%clk 0:29:55]} Qh4 {[%clk 0:15:55]} 30. Qf3 {[%clk
0:27:39]} exf5 {[%clk 0:14:54]} 31. gxf5 {[%clk 0:27:21]} gxf5 {[%clk 0:14:54]}
32. Qxd5 {[%clk 0:16:45]} Rg6+ {[%clk 0:08:43]} 33. Rg2 {[%clk 0:16:58]} Rb6
{[%clk 0:09:09]} 34. Kh1 {[%clk 0:15:06]} Qf4 {[%clk 0:06:45]} 35. Re1 {[%clk
0:08:28]} h5 {[%clk 0:04:15]} 36. e6 {[%clk 0:01:41]} Rxe6 {[%clk 0:03:02]} 37.
Rxg6+ {[%clk 0:02:06]} Rxg6 {[%clk 0:03:03]} 38. Qe5+ {[%clk 0:02:28]} Qxe5
{[%clk 0:03:32]} 39. Rxe5 {[%clk 0:02:57]} Re6 {[%clk 0:01:01]} 40. Rxf5 {[%clk
0:32:48]} h4 {[%clk 0:30:43]} 41. Kg2 {[%clk 0:19:47]} Kg6 {[%clk 0:24:46]} 42.
Ra5 {[%clk 0:16:33]} f5 {[%clk 0:19:35]} 43. Kf3 {[%clk 0:15:01]} Rb6 {[%clk
0:19:59]} 44. Rxa4 {[%clk 0:14:43]} Rxb2 {[%clk 0:20:28]} 45. h3 {[%clk 0:14:41]}
Kg5 {[%clk 0:20:22]} 46. Rxc4 {[%clk 0:13:32]} Rh2 {[%clk 0:20:48]} 47. d5 {[%clk
0:12:44]} Rxh3+ {[%clk 0:21:07]} 48. Kg2 {[%clk 0:06:47]} Rd3 {[%clk 0:21:31]}
49. Rd4 {[%clk 0:07:08]} Rxc3 {[%clk 0:19:58]} 50. d6 {[%clk 0:06:39]} Rc2+
{[%clk 0:19:56]} 51. Kf1 {[%clk 0:06:44]} Rc1+ {[%clk 0:20:10]} 52. Ke2 {[%clk
0:06:59]} Rc2+ {[%clk 0:19:36]} 53. Kd3 {[%clk 0:03:35]} Rc8 {[%clk 0:18:06]} 54.
Ke3 {[%clk 0:02:44]} Rc3+ {[%clk 0:17:44]} 55. Kd2 {[%clk 0:03:09]} Rc8 {[%clk
0:18:11]} 56. d7 {[%clk 0:03:29]} Rd8 {[%clk 0:18:40]} 57. Ke3 {[%clk 0:03:34]}
Kf6 {[%clk 0:19:07]} 58. a4 {[%clk 0:03:50]} h3 {[%clk 0:18:40]} 59. Kf3 {[%clk
0:03:36]} h2 {[%clk 0:19:03]} 60. Kg2 {[%clk 0:03:36]} Ke6 {[%clk 0:19:27]} 61.
a5 {[%clk 0:03:42]} Rxd7 {[%clk 0:19:46]} 62. Rxd7 {[%clk 0:03:59]} 1/2-1/2

[Event "Irena Warakomska Memorial A"]
[Site "Suwalki"]
[Date "2021.07.27"]
[Round "1"]
[White "Jankowiak, Piotr"]
[Black "Kiolbasa, Oliwia"]
[Result "0-1"]
[Board "35"]
[WhiteElo "2039"]
[WhiteCountry "POL"]
[WhiteFideId "1185250"]
[WhiteEloChange "-4"]
[BlackElo "2255"]
[BlackTitle "WIM"]
[BlackCountry "POL"]
[BlackFideId "1154613"]
[BlackEloChange "4"]

1. d4 {[%clk 1:30:57]} d5 {[%clk 1:29:35]} 2. Nf3 {[%clk 1:31:16]} e6 {[%clk
1:29:31]} 3. Bf4 {[%clk 1:30:40]} Nf6 {[%clk 1:29:34]} 4. e3 {[%clk 1:30:01]} c5
{[%clk 1:28:39]} 5. c3 {[%clk 1:29:54]} Bd6 {[%clk 1:26:37]} 6. Bg3 {[%clk
1:30:18]} Qc7 {[%clk 1:25:40]} 7. Ne5 {[%clk 1:20:58]} Nbd7 {[%clk 1:21:37]} 8.
f4 {[%clk 1:20:34]} cxd4 {[%clk 1:16:09]} 9. exd4 {[%clk 1:18:52]} Ne4 {[%clk
1:15:32]} 10. Nd2 {[%clk 1:13:20]} Nxg3 {[%clk 1:02:29]} 11. hxg3 {[%clk
1:13:43]} Qb6 {[%clk 1:02:09]} 12. Rb1 {[%clk 0:57:41]} g6 {[%clk 0:52:11]} 13.
Bd3 {[%clk 0:56:11]} Bf8 {[%clk 0:42:06]} 14. Qe2 {[%clk 0:43:30]} Bg7 {[%clk
0:42:05]} 15. Ndf3 {[%clk 0:40:15]} O-O {[%clk 0:36:59]} 16. g4 {[%clk 0:25:03]}
f6 {[%clk 0:29:39]} 17. Nxd7 {[%clk 0:22:28]} Bxd7 {[%clk 0:30:07]} 18. g3 {[%clk
0:15:07]} e5 {[%clk 0:23:59]} 19. Qh2 {[%clk 0:12:26]} e4 {[%clk 0:20:34]} 20.
Qxh7+ {[%clk 0:11:25]} Kf7 {[%clk 0:20:59]} 21. Rh6 {[%clk 0:02:25]} Rh8 {[%clk
0:18:58]} 22. Qxg6+ {[%clk 0:02:49]} Kf8 {[%clk 0:18:08]} 23. Rxh8+ {[%clk
0:02:12]} Bxh8 {[%clk 0:18:35]} 24. Kd2 {[%clk 0:01:13]} exd3 {[%clk 0:17:39]}
25. Nh4 {[%clk 0:00:43]} Re8 {[%clk 0:16:08]} 26. Qxd3 {[%clk 0:00:38]} Bxg4
{[%clk 0:13:21]} 27. Qh7 {[%clk 0:00:36]} Bg7 {[%clk 0:12:43]} 28. Nf5 {[%clk
0:00:42]} Re2+ {[%clk 0:10:33]} 29. Kc1 {[%clk 0:01:03]} Bxf5 {[%clk 0:10:20]}
30. Qxf5 {[%clk 0:01:29]} Qb5 {[%clk 0:10:28]} 31. g4 {[%clk 0:00:32]} Rf2 {[%clk
0:09:27]} 0-1

[Event "Irena Warakomska Memorial A"]
[Site "Suwalki"]
[Date "2021.07.27"]
[Round "1"]
[White "Rudzinska, Michalina"]
[Black "Liberadzki, Slawomir"]
[Result "1-0"]
[Board "36"]
[WhiteElo "2238"]
[WhiteTitle "WFM"]
[WhiteCountry "POL"]
[WhiteFideId "1172883"]
[WhiteEloChange "4"]
[BlackElo "2022"]
[BlackCountry "POL"]
[BlackFideId "1123483"]
[BlackEloChange "-4"]

1. e4 {[%clk 1:30:57]} c5 {[%clk 1:28:53]} 2. Nf3 {[%clk 1:31:17]} e6 {[%clk
1:29:17]} 3. g3 {[%clk 1:31:38]} Nc6 {[%clk 1:29:18]} 4. Bg2 {[%clk 1:31:59]} d5
{[%clk 1:28:12]} 5. exd5 {[%clk 1:32:18]} exd5 {[%clk 1:28:34]} 6. d4 {[%clk
1:30:42]} c4 {[%clk 1:28:29]} 7. O-O {[%clk 1:30:41]} Nf6 {[%clk 1:26:56]} 8. Nc3
{[%clk 1:22:56]} Be7 {[%clk 1:24:54]} 9. Re1 {[%clk 1:20:58]} O-O {[%clk
1:24:02]} 10. Ne5 {[%clk 1:17:27]} Be6 {[%clk 1:20:42]} 11. Ne2 {[%clk 1:14:09]}
Qb6 {[%clk 0:54:27]} 12. c3 {[%clk 1:04:52]} Bd6 {[%clk 0:42:22]} 13. Bf4 {[%clk
0:50:36]} Bxe5 {[%clk 0:24:05]} 14. Bxe5 {[%clk 0:42:05]} Nxe5 {[%clk 0:20:01]}
15. dxe5 {[%clk 0:42:26]} Ne4 {[%clk 0:13:59]} 16. Qd4 {[%clk 0:38:48]} Qxb2
{[%clk 0:08:07]} 17. f3 {[%clk 0:36:35]} Nd2 {[%clk 0:04:35]} 18. Rad1 {[%clk
0:35:27]} Nxf3+ {[%clk 0:04:16]} 19. Bxf3 {[%clk 0:35:49]} Qxa2 {[%clk 0:04:43]}
20. Nf4 {[%clk 0:34:48]} Rfd8 {[%clk 0:03:19]} 21. Bxd5 {[%clk 0:30:08]} Bxd5
{[%clk 0:03:31]} 22. Nxd5 {[%clk 0:30:31]} h6 {[%clk 0:03:45]} 23. e6 {[%clk
0:29:20]} fxe6 {[%clk 0:03:45]} 24. Rxe6 {[%clk 0:29:16]} Qc2 {[%clk 0:03:01]}
25. Rf1 {[%clk 0:23:55]} Qd3 {[%clk 0:02:54]} 26. Ne7+ {[%clk 0:23:47]} Kh7
{[%clk 0:02:46]} 27. Rxh6+ {[%clk 0:23:54]} gxh6 {[%clk 0:02:26]} 28. Rf7# {[%clk
0:24:19]} 1-0

[Event "Irena Warakomska Memorial A"]
[Site "Suwalki"]
[Date "2021.07.27"]
[Round "1"]
[White "Jarocka, Liwia"]
[Black "Poltorak, Sebastian"]
[Result "0-1"]
[Board "37"]
[WhiteElo "1984"]
[WhiteTitle "FM"]
[WhiteCountry "POL"]
[WhiteFideId "21807558"]
[WhiteEloChange "-4"]
[BlackElo "2233"]
[BlackCountry "POL"]
[BlackFideId "1199498"]
[BlackEloChange "4"]

1. d4 {[%clk 1:30:55]} Nf6 {[%clk 1:30:31]} 2. c4 {[%clk 1:31:13]} e6 {[%clk
1:30:51]} 3. Nf3 {[%clk 1:31:29]} Bb4+ {[%clk 1:31:16]} 4. Bd2 {[%clk 1:31:30]}
Qe7 {[%clk 1:31:38]} 5. g3 {[%clk 1:28:46]} Bxd2+ {[%clk 1:32:02]} 6. Qxd2 {[%clk
1:28:40]} d5 {[%clk 1:31:54]} 7. Bg2 {[%clk 1:28:10]} Nc6 {[%clk 1:31:39]} 8. Nc3
{[%clk 1:25:15]} O-O {[%clk 1:24:26]} 9. Ne5 {[%clk 1:21:36]} dxc4 {[%clk
1:24:10]} 10. Nxc6 {[%clk 1:14:37]} bxc6 {[%clk 1:24:35]} 11. Bxc6 {[%clk
1:14:54]} Rb8 {[%clk 1:25:00]} 12. e3 {[%clk 1:07:05]} Ba6 {[%clk 1:23:07]} 13.
O-O {[%clk 1:06:04]} Rfd8 {[%clk 1:17:46]} 14. Qc2 {[%clk 1:01:55]} Nd5 {[%clk
0:59:27]} 15. Bxd5 {[%clk 0:57:25]} exd5 {[%clk 0:59:48]} 16. Na4 {[%clk
0:56:49]} Bc8 {[%clk 0:56:51]} 17. Rfe1 {[%clk 0:52:32]} Qf6 {[%clk 0:52:40]} 18.
b3 {[%clk 0:46:36]} Bf5 {[%clk 0:32:50]} 19. Qe2 {[%clk 0:42:42]} cxb3 {[%clk
0:29:01]} 20. axb3 {[%clk 0:43:07]} Rxb3 {[%clk 0:28:33]} 21. Nc5 {[%clk
0:43:11]} Rc3 {[%clk 0:24:17]} 22. Rxa7 {[%clk 0:37:09]} c6 {[%clk 0:23:23]} 23.
Qf3 {[%clk 0:33:57]} h6 {[%clk 0:19:34]} 24. Rea1 {[%clk 0:31:29]} Qg6 {[%clk
0:17:47]} 25. Rb7 {[%clk 0:27:54]} Kh7 {[%clk 0:15:49]} 26. Qf4 {[%clk 0:27:32]}
Qh5 {[%clk 0:13:25]} 27. Qe5 {[%clk 0:22:37]} Ra8 {[%clk 0:12:32]} 28. Rf1 {[%clk
0:20:02]} Rc2 {[%clk 0:09:45]} 29. Rbb1 {[%clk 0:06:29]} Raa2 {[%clk 0:06:33]}
30. Nd7 {[%clk 0:04:41]} Ra8 {[%clk 0:05:40]} 31. Ra1 {[%clk 0:01:48]} Rxa1
{[%clk 0:05:01]} 32. Rxa1 {[%clk 0:02:03]} Qf3 {[%clk 0:05:20]} 33. Nf8+ {[%clk
0:01:32]} Kg8 {[%clk 0:05:45]} 34. Rf1 {[%clk 0:01:37]} Bh3 {[%clk 0:06:08]} 0-1

[Event "Irena Warakomska Memorial A"]
[Site "Suwalki"]
[Date "2021.07.27"]
[Round "1"]
[White "Paprocki, Jaroslaw"]
[Black "Krawczyk, Flawian"]
[Result "0-1"]
[Board "38"]
[WhiteElo "2231"]
[WhiteCountry "POL"]
[WhiteFideId "1122274"]
[WhiteEloChange "-16"]
[BlackElo "1984"]
[BlackCountry "POL"]
[BlackFideId "21881413"]
[BlackEloChange "16"]

1. c4 {[%clk 1:30:56]} Nf6 {[%clk 1:30:31]} 2. Nf3 {[%clk 1:30:59]} g6 {[%clk
1:30:36]} 3. b3 {[%clk 1:30:26]} Bg7 {[%clk 1:30:02]} 4. Bb2 {[%clk 1:30:48]} d6
{[%clk 1:28:37]} 5. g3 {[%clk 1:29:08]} e5 {[%clk 1:26:34]} 6. Bg2 {[%clk
1:27:30]} O-O {[%clk 1:24:02]} 7. O-O {[%clk 1:27:51]} Nc6 {[%clk 1:22:57]} 8. d3
{[%clk 1:27:00]} Ne8 {[%clk 1:19:41]} 9. Nc3 {[%clk 1:25:01]} f5 {[%clk 1:19:42]}
10. Nd2 {[%clk 1:22:20]} Nd4 {[%clk 1:09:55]} 11. e3 {[%clk 1:18:47]} Ne6 {[%clk
1:09:37]} 12. b4 {[%clk 1:15:01]} g5 {[%clk 1:03:39]} 13. b5 {[%clk 1:13:35]} g4
{[%clk 1:02:17]} 14. Nd5 {[%clk 1:13:35]} a5 {[%clk 0:40:34]} 15. f4 {[%clk
1:06:48]} c6 {[%clk 0:37:32]} 16. Nc3 {[%clk 1:06:21]} Bd7 {[%clk 0:34:01]} 17.
a4 {[%clk 1:03:07]} Qb6 {[%clk 0:33:54]} 18. Qe2 {[%clk 1:02:40]} h5 {[%clk
0:25:54]} 19. fxe5 {[%clk 0:53:44]} dxe5 {[%clk 0:25:58]} 20. Ba3 {[%clk
0:47:26]} Rf7 {[%clk 0:23:13]} 21. c5 {[%clk 0:45:25]} Qd8 {[%clk 0:22:00]} 22.
Nc4 {[%clk 0:43:46]} f4 {[%clk 0:20:39]} 23. Be4 {[%clk 0:42:52]} f3 {[%clk
0:20:48]} 24. Qa2 {[%clk 0:41:12]} Ng5 {[%clk 0:19:47]} 25. Bg6 {[%clk 0:37:07]}
Be6 {[%clk 0:20:10]} 26. Bxf7+ {[%clk 0:37:11]} Bxf7 {[%clk 0:20:34]} 27. Rad1
{[%clk 0:37:03]} h4 {[%clk 0:18:18]} 28. Ne4 {[%clk 0:36:25]} Nxe4 {[%clk
0:17:22]} 29. dxe4 {[%clk 0:36:52]} Qg5 {[%clk 0:17:39]} 30. Rd7 {[%clk 0:35:19]}
Be6 {[%clk 0:18:01]} 31. Rxb7 {[%clk 0:34:35]} Kh8 {[%clk 0:15:15]} 32. Bc1
{[%clk 0:27:57]} Nf6 {[%clk 0:13:52]} 33. Qc2 {[%clk 0:25:54]} Nh5 {[%clk
0:13:16]} 34. Nb6 {[%clk 0:15:28]} Rf8 {[%clk 0:12:41]} 35. Qf2 {[%clk 0:13:41]}
Nf6 {[%clk 0:13:08]} 36. gxh4 {[%clk 0:12:29]} Qh5 {[%clk 0:13:27]} 37. Qc2
{[%clk 0:07:27]} Qxh4 {[%clk 0:13:31]} 38. Qf2 {[%clk 0:07:38]} Qh5 {[%clk
0:13:52]} 39. Qc2 {[%clk 0:05:48]} g3 {[%clk 0:14:13]} 40. hxg3 {[%clk 0:35:29]}
Ng4 {[%clk 0:44:38]} 41. Rf2 {[%clk 0:34:09]} Qh3 {[%clk 0:43:42]} 42. bxc6
{[%clk 0:32:10]} Qxg3+ {[%clk 0:44:05]} 43. Kf1 {[%clk 0:32:21]} Bf6 {[%clk
0:41:48]} 44. c7 {[%clk 0:29:13]} Nxf2 {[%clk 0:42:17]} 45. Qxf2 {[%clk 0:27:12]}
Qxf2+ {[%clk 0:42:43]} 46. Kxf2 {[%clk 0:27:08]} Bh4+ {[%clk 0:43:11]} 0-1

[Event "Irena Warakomska Memorial A"]
[Site "Suwalki"]
[Date "2021.07.27"]
[Round "1"]
[White "Nowak, Lukasz"]
[Black "Parol, Pola"]
[Result "1/2-1/2"]
[Board "39"]
[WhiteElo "2303"]
[WhiteTitle "FM"]
[WhiteCountry "POL"]
[WhiteFideId "1166760"]
[WhiteEloChange "-5"]
[BlackElo "2111"]
[BlackTitle "WFM"]
[BlackCountry "POL"]
[BlackFideId "1163116"]
[BlackEloChange "5"]

1. e4 {[%clk 1:30:53]} c5 {[%clk 1:30:48]} 2. Nf3 {[%clk 1:31:15]} d6 {[%clk
1:31:11]} 3. Bb5+ {[%clk 1:31:27]} Nc6 {[%clk 1:31:00]} 4. O-O {[%clk 1:31:41]}
Bd7 {[%clk 1:31:09]} 5. Re1 {[%clk 1:32:01]} a6 {[%clk 1:29:59]} 6. Bf1 {[%clk
1:32:12]} Bg4 {[%clk 1:27:43]} 7. c3 {[%clk 1:32:27]} Nf6 {[%clk 1:27:27]} 8. d4
{[%clk 1:32:39]} cxd4 {[%clk 1:26:41]} 9. cxd4 {[%clk 1:33:01]} g6 {[%clk
1:16:45]} 10. Be3 {[%clk 1:25:36]} Bg7 {[%clk 1:14:33]} 11. d5 {[%clk 1:24:18]}
Ne5 {[%clk 1:11:36]} 12. Nbd2 {[%clk 1:24:18]} O-O {[%clk 1:08:35]} 13. Qb3
{[%clk 1:23:57]} Bxf3 {[%clk 0:59:26]} 14. gxf3 {[%clk 1:24:16]} Qb8 {[%clk
0:46:14]} 15. Rac1 {[%clk 1:20:09]} b5 {[%clk 0:43:11]} 16. Rc2 {[%clk 1:12:49]}
Rc8 {[%clk 0:41:12]} 17. Rec1 {[%clk 1:12:06]} Rxc2 {[%clk 0:36:51]} 18. Qxc2
{[%clk 1:12:16]} Qd8 {[%clk 0:28:29]} 19. Bh3 {[%clk 0:58:21]} Ne8 {[%clk
0:22:45]} 20. f4 {[%clk 0:39:57]} Nd7 {[%clk 0:16:13]} 21. b3 {[%clk 0:23:19]}
Nf8 {[%clk 0:08:17]} 22. Bc8 {[%clk 0:21:41]} e6 {[%clk 0:01:55]} 23. Qc6 {[%clk
0:21:19]} Rb8 {[%clk 0:01:25]} 24. Ba7 {[%clk 0:21:14]} Rxc8 {[%clk 0:01:49]} 25.
Qxc8 {[%clk 0:21:34]} Qe7 {[%clk 0:01:30]} 26. Be3 {[%clk 0:14:13]} exd5 {[%clk
0:01:11]} 27. exd5 {[%clk 0:14:33]} b4 {[%clk 0:00:42]} 28. Rc4 {[%clk 0:09:46]}
Nf6 {[%clk 0:00:46]} 29. Rc7 {[%clk 0:10:06]} Nd7 {[%clk 0:01:02]} 30. Nc4 {[%clk
0:09:23]} Qh4 {[%clk 0:00:54]} 31. f3 {[%clk 0:03:59]} Qe1+ {[%clk 0:01:12]} 32.
Kg2 {[%clk 0:04:13]} Qe2+ {[%clk 0:01:13]} 33. Kg1 {[%clk 0:04:35]} Qe1+ {[%clk
0:01:21]} 34. Kg2 {[%clk 0:04:42]} Qe2+ {[%clk 0:01:49]} 35. Bf2 {[%clk 0:02:16]}
Bd4 {[%clk 0:01:46]} 36. Ne3 {[%clk 0:02:32]} Bxe3 {[%clk 0:02:03]} 37. Rc2
{[%clk 0:02:53]} Qd3 {[%clk 0:01:46]} 38. Qc4 {[%clk 0:03:08]} Qxc4 {[%clk
0:01:41]} 39. Rxc4 {[%clk 0:03:31]} Bxf2 {[%clk 0:01:24]} 40. Kxf2 {[%clk
0:33:55]} Nc5 {[%clk 0:31:19]} 41. Ke3 {[%clk 0:30:31]} a5 {[%clk 0:30:45]} 42.
Kd4 {[%clk 0:28:19]} Nfd7 {[%clk 0:28:30]} 43. Rc2 {[%clk 0:27:54]} Nb6 {[%clk
0:16:40]} 44. Re2 {[%clk 0:27:21]} Kf8 {[%clk 0:13:18]} 45. Re1 {[%clk 0:24:38]}
Ncd7 {[%clk 0:10:51]} 46. Rc1 {[%clk 0:24:26]} Nc5 {[%clk 0:10:09]} 47. Re1
{[%clk 0:24:47]} Ncd7 {[%clk 0:07:07]} 1/2-1/2